| 000 | 00557nam a2200205 a 4500 | ||
|---|---|---|---|
| 005 | 20140310183153.0 | ||
| 008 | 021014s19uu xx 00 eng d | ||
| 020 | _a9814058157 | ||
| 050 |
_aQA 76.9.S88 _b.H6197 1999 |
||
| 100 | _aHoffer, Jeffrey A. | ||
| 245 |
_aModern systems analysis and design / _cJeffrey A. Hoffer. |
||
| 250 | _a2nd | ||
| 260 |
_aNew York : _bAddison-Wesley, _c1999. |
||
| 300 |
_a854 p. : _bill. ; _c25 cm. |
||
| 521 | _aIT | ||
| 650 | _aSystem design | ||
| 650 | _aSystem analysis | ||
| 942 |
_cBK _2lcc _kFOR |
||
| 999 |
_c19688 _d19688 |
||